| 000 | 00654nam a22001937a 4500 | ||
|---|---|---|---|
| 999 |
_c180547 _d180547 |
||
| 005 | 20210811122832.0 | ||
| 010 | _aB-741089 | ||
| 020 |
_a9789384930639 _c495.00 |
||
| 035 | _aB-741089 | ||
| 037 | _bGift | ||
| 082 | _aS | ||
| 100 | _aBaum, L. Frank | ||
| 245 |
_aThe wizard of oz / _cby L. Frank Baum |
||
| 260 |
_aDelhi _bEducation Gallery _c2020 |
||
| 270 |
_a26/25, Block-26, Gali No. 12, Vishwas Nagar, Shahdara _bDelhi _e110032 |
||
| 300 |
_a176p.: _bill. _c22cm(Hb) |
||
| 942 |
_2ddc _cCH _hS _mBAU |
||